| 000 | 00000nam##2200000za#4500 |
| 001 | 9.618685 |
| 003 | CaOODSP |
| 005 | 20210615103007 |
| 007 | ta |
| 008 | 150406|2007||||xxc||||| f|0| 0 eng|d |
| 022 | |a0706-6457 |
| 040 | |aCaOODSP|beng |
| 043 | |an-cn--- |
| 086 | 1 |aFs97-6/2777E |
| 110 | 1 |aCanada. |bDepartment of Fisheries and Oceans. |
| 245 | 10|aPotential effects of tebufenozide on feeding and metabolism of lake trout (Salvelinus namaycush) / |cby H. Volkoff, D. Hamoutene and J.F. Payne. |
| 260 | |aSt. John's - Newfoundland and Labrador : |bFisheries and Oceans Canada |c2007. |
| 300 | |aiv, 19p. : |bfigs., graphs, references, tables ; |c28 cm. |
| 490 | 1 |aCanadian technical report of fisheries and aquatic sciences|x0706-6457|v2777 |
| 500 | |a"Science Branch, Department of Fisheries and Oceans, P.O. Box 5667, St. John's NL Canada A1C 5X1." |
| 520 | 3 |aThis report is part of a series containing scientific and technical information that widens existing scientific knowledge but is not considered appropriate for publication in the primary literature. The research covers such subjects as ecosystem models, methods for enhancing aquaculture, commercial fishing equipment, and environmental threats to aquatic quality and fisheries resources. Includes tables, graphs, and charts. |
| 546 | |a(Résumé en français.) |
| 563 | |aSpiral binding |
| 590 | |a08-08|b2008-02-22 |
| 690 | 07|aAtlantic provinces|2gcpds |
| 690 | 07|aFreshwater fish|2gcpds |
| 720 | 1 |aPayne, J. F. |
| 720 | 1 |aVolkoff, H. |
| 720 | 1 |aHamoutene, D. |
| 776 | 0#|tPotential effects of tebufenozide on feeding and metabolism of lake trout (Salvelinus namaycush) |w(CaOODSP)9.574384 |
| 830 | #0|aCanadian technical report of fisheries and aquatic sciences,|x0706-6457|v2777|w(CaOODSP)9.514691 |